000 00642nam a2200229Ia 4500
003 OSt
005 20220923230656.0
006 a|||||r|||| 00| 0
007 ta
008 Pun
024 _a304,669
037 _cTextual
040 _aARTS
_cARTS
_bPun
041 _2Pun
_aPun
082 _aV236:1.N2, 153J4
100 _aਗੁਰਦਿਆਲ ਸਿੰਘ
_9156275
245 0 _aਗੁਰਦੁਵਾਰਾ ਗੰਗਸਰ ਦੇ Fਹੀਦ
260 _c1954
650 _aਭਾਰਤੀਯ ਇਤਿਹਾਸ
942 _hV236:1.N2, 153J4
_cTEXL
_2CC
999 _c386476
_d386476